000 00640nam a2200241Ia 4500
003 OSt
005 20220928120737.0
006 a|||||r|||| 00| 0
007 ta
008 220927b |||||||| |||| 00| 0 eng d
024 _a68491
037 _cTextual
040 _aSDCL
_cSDCL
_beng
041 _2eng
_aeng
082 _aB28931, P6
100 _aRuszczynski Andrzej
_9450871
245 0 _aNonlinear optimization.
260 _aOxford
_bPrinceton University Press
_c2006
300 _axii,448p
_ccm.
650 _aOptimization
942 _hB28931, P6
_cTEXL
_2CC
999 _c765015
_d765015